| 000 | 00808nam a22001577a 4500 | ||
|---|---|---|---|
| 003 | OSt | ||
| 005 | 20151007095124.0 | ||
| 008 | 151007b xxu||||| |||| 00| 0 eng d | ||
| 040 | _cRUA | ||
| 082 | _aAVM NOU 2004 B074 Or.1 | ||
| 100 |
_92240 _aNOU, CHANRA. |
||
| 245 | _athe study on pig raising and trade at chea hout farm, chambok village, vorsar commune, samrong tong district, kampong speu province (ការសិក្សាលើការចិញ្ចឹម និងអាជីវកម្មជ្រូកសាច់នៅកសិដ្ឋាន ជាហួត ភូមិចំបក់ ឃុំវ័រស ស្រុកសំរោងទង ខេត្តកំពង់ស្ពឺ) | ||
| 260 |
_aPhnom Penh _bRUA _c2004 |
||
| 300 |
_av, 36p. _bill. _c29cm. |
||
| 942 |
_2ddc _cAVM |
||
| 999 |
_c2111 _d2111 |
||